Surveying: Vol II (Record no. 55170)

MARC details
000 -LEADER
fixed length control field 00545nam a22002177a 4500
003 - CONTROL NUMBER IDENTIFIER
control field PK-NaQUE
005 - DATE AND TIME OF LATEST TRANSACTION
control field 20250113161708.0
008 - FIXED-LENGTH DATA ELEMENTS--GENERAL INFORMATION
fixed length control field 250113b ||||| |||| 00| 0 eng d
020 ## - INTERNATIONAL STANDARD BOOK NUMBER
International Standard Book Number 9781259029837
020 ## - INTERNATIONAL STANDARD BOOK NUMBER
International Standard Book Number 1259029832
040 ## - CATALOGING SOURCE
Transcribing agency QUEST
082 ## - DEWEY DECIMAL CLASSIFICATION NUMBER
Classification number 526.7 DUG
100 ## - MAIN ENTRY--PERSONAL NAME
Personal name Duggal, S. K.
245 ## - TITLE STATEMENT
Title Surveying: Vol II
250 ## - EDITION STATEMENT
Edition statement 4th edition
260 ## - PUBLICATION, DISTRIBUTION, ETC. (IMPRINT)
Place of publication, distribution, etc New Delhi:
Name of publisher, distributor, etc McGraw Hill,
Date of publication, distribution, etc 2014.
300 ## - PHYSICAL DESCRIPTION
Extent 488p. ;
650 ## - SUBJECT ADDED ENTRY--TOPICAL TERM
Topical term or geographic name as entry element Surveying
856 ## - ELECTRONIC LOCATION AND ACCESS
Uniform Resource Identifier <a href="http://10.10.170.122:8080/browse/book/23040">http://10.10.170.122:8080/browse/book/23040</a>
Link text eBook
942 ## - ADDED ENTRY ELEMENTS (KOHA)
Koha item type Books
Source of classification or shelving scheme Dewey Decimal Classification
Holdings
Withdrawn status Lost status Damaged status Not for loan Home library Current library Date acquired Cost, normal purchase price Total Checkouts Full call number Barcode Date last seen Koha item type
        Reference Section Reference Section 18/11/2020 1389.00   526.7DUG (Shelf - 31E) 58399 18/11/2020 Books
        Reference Section Reference Section 18/11/2020 1389.00   526.7DUG (Shelf - 31E) 58400 18/11/2020 Books